000 01645nam0a2200385 i 4500
001 RU\NLR\bibl\1938500
005 20260406112405.0
010 _a9785905626425
_91000
021 _aRU
_b2012-56308
_94120
035 _a(nilc)RSL-KNO-005473500
035 _a(NLR Aleph) 001927789
090 _a3393778
_c3393778
100 _a20120801d2012 u y0rusy50 ca
101 0 _arus
_ager
102 _aRU
105 _ay |||||||||
200 1 _a"Я на той же улице старинной..."
_e"Gen die gleiche alte Gasse nieder..."
_eпутешествие из Перми в Юрятин
_e[перевод на немецкий]
_fБорис Пастернак
_g[подгот. - А.О. Филиппов]
_zger
210 _aМосква
_cЦентр книги Рудомино
_d2012
215 _a365, [3] с.
_d25
300 _aТекст парал. на рус. и нем. яз.
510 1 _6z11790
_a"Gen die gleiche alte Gasse nieder..."
_zger
607 _aПермь, город
_xв художественной литературе
_91870766
_3RU\NLR\auth\66849222
686 _aШ5(2=Р)75-6я44
_2rubbk
686 _aШ6(2=Р)7-94
686 _aШ6(2=Р)77нем.
700 1 _4070
_8rus
_7ca
_aПастернак
_bБ.Л.
_f1890-1960
_gБорис Леонидович
_3RU\NLR\auth\7737
_9110152
790 1 _4070
_8rus
_7ba
_aPasternak
_bB. L.
_f1890-1960
_gBoris Leonidovič
_3RU\NLR\auth\773458
_9113454
801 0 _aRU
_bRuMoRKP
_c20120801
_grcr
801 1 _aRU
_bРГБ
_c20120801
801 2 _aRU
_bNLR
_c20120829
_grcr
942 _cBOOK
980 _aNBR